Normal view
MARC view
Entry Personal Name
001 - CONTROL NUMBER
- control field: 1238363
003 - CONTROL NUMBER IDENTIFIER
- control field: OSt
005 - DATE AND TIME OF LATEST TRANSACTION
- control field: 20260430150808.0
008 - FIXED-LENGTH DATA ELEMENTS
- fixed length control field: 260430|| aca||aabn | a|a d
040 ## - CATALOGING SOURCE
- Original cataloging agency: OSt
- Transcribing agency: OSt
100 ## - HEADING--PERSONAL NAME
- Personal name: दिल्ली विश्वविद्यालय. शिक्षा. शिक्षा
670 ## - SOURCE DATA FOUND
- Source citation: Work cat.: (OSt)1850803: ओम प्रकाश, ले. 870244, विद्यालय में विकसित होती अस्मिताएॅं, 2024
